Física teórica

Salvato in:
Dettagli Bibliografici
Autore principale: Landau, Lev Davidovich (Autore)
Altri autori: Lifshitz, Eugenii Mikhailovich (autor)
Natura: Libro
Lingua:portoghese
Pubblicazione: Moscú Mir 1980
Soggetti:
Tags: Aggiungi Tag
Nessun Tag, puoi essere il primo ad aggiungerne!!

MARC

LEADER 00000nam a2200000 a 4500
001 UCQ9300
003 CL-VaPUC
008 981230e19800000ru |||||||||||||||||por|d
082 0 4 |a 530.12  |b LAN  |2 21 
100 |a Landau, Lev Davidovich  |e author  |9 579218 
700 |a Lifshitz, Eugenii Mikhailovich  |e autor  |9 561317 
245 1 0 |a Física teórica 
300 |a v 
942 |c BK 
945 |d 19981230 00:00:00  |a cmena 
260 |a Moscú  |b Mir  |c 1980 
500 |a v.2: Teoria do campo 
500 |a v.3 t.1: Mecânica quântica: teoria não relativista 
650 0 |a Física   |9 227844 
650 0 |a Teoría cuántica  |9 266148 
650 7 |a CAMPOS ELECTROMAGNETICOS  |2 CL-VaPUC  |9 264139 
650 0 |a Propagación de ondas  |9 263256 
650 7 |a PROPAGACION DE LUZ  |2 CL-VaPUC  |9 423824 
650 0 |a Electromagnetismo   |9 260123 
650 0 |a Gravitación   |9 332312 
650 0 |a Ecuaciones  |9 260137 
650 0 |a Cosmología  |9 269138 
650 0 |a Teoría de la relatividad   |9 266149 
650 0 |a Partículas   |9 259546 
583 |a last modification  |c 20171123 02:43:03  |k Rodrigo Vera 
999 |c 278370  |d 278368 
952 |0 0  |1 0  |4 0  |6 530_120000000000000_LAN_1980  |7 0  |8 A  |9 316868  |a BIBMAT  |b BIBMAT  |d 2019-11-20  |h v.2  |i 1311506  |o 530.12 LAN 1980  |p 1311506  |r 2025-01-07  |w 2019-11-20  |y BK  |k MAT 
952 |0 0  |1 0  |4 0  |6 530_120000000000000_LAN_1980  |7 0  |8 A  |9 316869  |a BIBMAT  |b BIBMAT  |d 2019-11-20  |h v.3 t.1  |i 1311514  |o 530.12 LAN 1980  |p 1311514  |r 2025-01-07  |w 2019-11-20  |y BK  |k MAT